000 00434cam a2200181ua 4500
020 _c7.60
041 _aeng
_h
082 _a516.5
_bFAU/PR
100 _aFaulkner, Ewan T .
245 _aProjective geometry /
_cEwan T Faulkner.
_hTextual Documents
250 _a2 /
_b.
260 _aEdinborough :
_bOliver and Boyd ,
_c1960.
300 _a128 ; .
365 _a7.60
504 _a
942 _cBK
999 _c7132
_d7132